Theory of Equitable Taxation Normative Foundation and Distributive Consequences of Income Taxation

Salvato in:
Dettagli Bibliografici
Autore principale: Brunner, Johann K.
Natura: Libro
Lingua:inglese
Pubblicazione: Berlin Springer 1989
Edizione:1. ed.
Tags: Aggiungi Tag
Nessun Tag, puoi essere il primo ad aggiungerne!!

MARC

LEADER 00000nam a2200000 4500
001 c033128
005 20250515101342.8
041 0 |a eng 
044 |a DE 
245 1 0 |a Theory of Equitable Taxation  |b Normative Foundation and Distributive Consequences of Income Taxation  |c Johann K. Brunner 
250 |a 1. ed. 
264 1 |a Berlin  |b Springer  |c 1989 
300 |a 217 s. 
100 1 |a Brunner, Johann K.